Премьер-министры Великобритании - Statistics

General Stats
  • This quiz has been taken 297 times
  • The average score is 7 of 77
Answer Stats
Срок правления Премьер-министр % Correct
2019-настоящее время Борис Джонсон
88%
1940-1945 Уинстон Черчилль
76%
1951-1955 Уинстон Черчилль
76%
1979-1990 Маргарет Тэтчер
55%
1937-1940 Невилл Чемберлен
32%
2016-2019 Тереза Мэй
31%
1997-2007 Тони Блэр
23%
2010-2016 Дэвид Кэмерон
19%
2007-2010 Гордон Браун
13%
1945-1951 Клемент Эттли
11%
1990-1997 Джон Мейджор
11%
1916-1922 Дэвид Ллойд Джордж
10%
1852-1852 Эдвард Смит-Стэнли
9%
1858-1859 Эдвард Смит-Стэнли
9%
1866-1868 Эдвард Смит-Стэнли
9%
1868-1868 Бенджамин Дизраэли
9%
1874-1880 Бенджамин Дизраэли
9%
1923-1924 Стэнли Болдуин
8%
1924-1929 Стэнли Болдуин
8%
1935-1937 Стэнли Болдуин
8%
1955-1957 Энтони Иден
8%
1957-1963 Гарольд Макмиллан
7%
1721-1742 Роберт Уолпол
6%
1852-1855 Джордж Гамильтон-Гордон
6%
1964-1970 Гарольд Вильсон
6%
1974-1976 Гарольд Вильсон
6%
1762-1763 Джон Стюарт
5%
1766-1768 Уильям Питт (старший)
5%
1783-1801 Уильям Питт (младший)
5%
1804-1806 Уильям Питт (младший)
5%
1868-1874 Уильям Юарт Гладстон
5%
1880-1885 Уильям Юарт Гладстон
5%
1886-1886 Уильям Юарт Гладстон
5%
1892-1894 Уильям Юарт Гладстон
5%
1963-1964 Александр Фредерик Дуглас-Хьюм
5%
1970-1974 Эдвард Хит
5%
1742-1743 Спенсер Комптон
4%
1770-1782 Фредерик Норт
4%
1830-1834 Чарльз Грей
4%
1922-1923 Эндрю Бонар Лоу
4%
1743-1754 Генри Пелэм
3%
1754-1756 Томас Пелэм-Холлс
3%
1756-1757 Уильям Кавендиш
3%
1757-1762 Томас Пелэм-Холлс
3%
1763-1765 Джордж Гренвиль
3%
1768-1770 Огастес Фицрой
3%
1801-1804 Генри Эддингтон
3%
1806-1807 Уильям Гренвиль
3%
1809-1812 Спенсер Персиваль
3%
1812-1827 Роберт Дженкинсон
3%
1827-1828 Фредерик Джон Робинсон
3%
1828-1830 Артур Уэлсли
3%
1834-1834 Уильям Лэм
3%
1834-1834 Артур Уэлсли
3%
1834-1835 Роберт Пиль
3%
1835-1841 Уильям Лэм
3%
1841-1846 Роберт Пиль
3%
1908-1916 Герберт Генри Асквит
3%
1924-1924 Рэмси Макдональд
3%
1929-1935 Рэмси Макдональд
3%
1976-1979 Джеймс Каллаган
3%
1765-1766 Чарльз Уотсон-Уэнтуорт
2%
1782-1782 Чарльз Уотсон-Уэнтуорт
2%
1782-1783 Уильям Петти
2%
1783-1783 Уильям Кавендиш-Бентинк
2%
1807-1809 Уильям Кавендиш-Бентинк
2%
1827-1827 Джордж Кэннинг
2%
1846-1852 Джон Рассел
2%
1855-1858 Генри Темпл
2%
1859-1865 Генри Темпл
2%
1865-1866 Джон Рассел
2%
1885-1886 Роберт Гаскойн-Сесил
2%
1886-1892 Роберт Гаскойн-Сесил
2%
1894-1895 Арчибальд Примроуз
2%
1895-1902 Роберт Гаскойн-Сесил
2%
1902-1905 Артур Бальфур
2%
1905-1908 Генри Кэмпбелл-Баннерман
1%
No matching quizzes found
Score Distribution
Percent of People with Each Score
Percentile by Number Answered
Your Score History
You have not taken this quiz